| 000 | 01487cam a22003854a 4500 | ||
|---|---|---|---|
| 001 | 16938836 | ||
| 005 | 20170105102904.0 | ||
| 008 | 110829s2012 enkb b 001 0 eng | ||
| 010 | _a 2011036382 | ||
| 015 |
_aGBB1B5764 _2bnb |
||
| 016 | 7 |
_a015903475 _2Uk |
|
| 020 | _a9780415665438 (hbk.) | ||
| 020 | _a0415665434 (hbk.) | ||
| 020 | _a9780203125663 (ebook) | ||
| 020 | _a0203125665 (ebook) | ||
| 035 | _a(OCoLC)ocn711041620 | ||
| 040 |
_aDLC _beng _cDLC _dYDX _dBTCTA _dYDXCP _dUKMGB _dE7B _dBWX _dCOO _dOCLCQ _dCDX _dDLC |
||
| 042 | _apcc | ||
| 043 | _aa-ii--- | ||
| 050 | 0 | 0 |
_aJC327 _b.W43 2012 |
| 082 | 0 | 0 |
_a320.1/509546 _223 |
| 100 | 1 | _aWebb, Matthew J. | |
| 245 | 1 | 0 |
_aKashmir's right to secede : _ba critical examination of contemporary theories of secession / _cMatthew J. Webb. |
| 260 |
_aLondon ; _aNew York : _bRoutledge, _c2012. |
||
| 300 |
_axii, 182 p. : _bmaps ; _c24 cm. |
||
| 490 | 1 |
_aRoutledge contemporary South Asia series ; _v54 |
|
| 504 | _aIncludes bibliographical references (p. [163]-176) and index. | ||
| 505 | 0 | _aIntroduction -- Kashmir -- Nationalist theories -- Liberal-democratic theories -- Just cause theories -- Conclusion. | |
| 650 | 0 | _aSecession. | |
| 650 | 0 |
_aSecession _zIndia _zJammu and Kashmir. |
|
| 830 | 0 |
_aRoutledge contemporary South Asia series ; _v54. |
|
| 906 |
_a7 _bcbc _corignew _d1 _eecip _f20 _gy-gencatlg |
||
| 942 |
_2ddc _cBK |
||
| 999 |
_c14780 _d14780 |
||